Membres de Slipknot - Statistiques

Statistiques générales
  • Ce quiz a été pris 28 fois
  • Le résultat moyen est 8 sur 18
Statistiques - réponses
Rôle Période % Correct
Chant Depuis 1997 Corey Taylor
96%
Guitare Depuis 1999 James "Jim" Root
75%
Batterie 1995 à 2013 Joey Jordison
75%
Basse, Chœurs 1995 à 2010 Paul Gray
67%
Percussions, Chœurs (Depuis 1995),Batterie (1995) Shawn Crahan
63%
Guitare Depuis 1996 Mick Thomson
58%
Platines Depuis 1998 Sid Wilson
58%
Batterie Depuis 2024 Eloy Casagrande
54%
Samples, Claviers (1996 à 2023),Guitare (1996) Craig Jones
50%
Basse Depuis 2014 Alessandro "Alex" Venturella
46%
Batterie 2014 à 2023 Jay Weinberg
46%
Percussions, Chœurs 1998 à 2019 Chris Fehn
33%
Percussions, Chœurs Depuis 2019 Michael Pfaff
25%
Guitare (1995 à 1996), Basse (2011 à 2014) Donnie Steele
13%
Percussions 1997 à 1998 Greg Welts
13%
Chant, Percussions 1995 à 1997 Anders Colsefni
8%
Guitare, Chœurs 1995 à 1999 Josh Brainard
8%
Percussions 1998 Brandon Darner
4%
Aucun quiz correspondant
Distribution des résultats
% des personnes avec chaque résultat
Percentile par nombre de réponses
Votre historique - résultats
Vous n’avez pas pris ce quiz